[Event "31st WCh U20 Girls"]
[Site "Kocaeli TUR"]
[Date "2013.09.15"]
[Round "3.10"]
[White "Hejazipour, Mitra"]
[Black "Monnisha, Gajendra Babu Kannaiyan"]
[Result "0-1"]
[WhiteElo "2256"]
[BlackElo "2094"]
[EventDate "2013.09.13"]
[PlyCount "70"]

1.Nf3 Nf6 2.c4 c5 3.Nc3 Nc6 4.e3 d5 5.cxd5 Nxd5 6.Bb5 e6 7.O-O Be7 8.e4 
Nxc3 9.bxc3 O-O 10.d4 Qb6 11.Be2 Rd8 12.Ba3 Qa5 13.Qc1 cxd4 14.Bxe7 Nxe7 
15.cxd4 Bd7 16.Qb2 Bc6 17.Bd3 Ng6 18.g3 Qh5 19.Qe2 e5 20.d5 Bd7 21.Qe3 f5 
22.exf5 Bxf5 23.Be2 Bg4 24.Rfe1 e4 25.Qxe4 Re8 26.Qd3 Rf8 27.Nd2 Ne5 28.
Qe3 Rae8 29.Kh1 Bxe2 30.Qxe2 Ng4 31.f3 Rxe2 32.Rxe2 Qxd5 33.Kg2 Ne3+ 34.
Kf2 Nc2 35.Rc1 Nd4 0-1

[Event "31st WCh U20 Girls"]
[Site "Kocaeli TUR"]
[Date "2013.09.15"]
[Round "3.11"]
[White "Stetsko, Lanita"]
[Black "Stiazhkina, Anna"]
[Result "1-0"]
[WhiteElo "2213"]
[BlackElo "2244"]
[EventDate "2013.09.13"]
[PlyCount "127"]

1.e4 e5 2.Nf3 Nc6 3.Bb5 a6 4.Ba4 Nf6 5.O-O b5 6.Bb3 Bb7 7.d3 Bc5 8.a4 h6 
9.Nc3 b4 10.Nd5 d6 11.a5 O-O 12.c3 Rb8 13.Bd2 Bc8 14.Bc4 Kh8 15.Qc1 Kh7 
16.Qc2 Kh8 17.d4 exd4 18.cxd4 Bxd4 19.Nxd4 Nxd4 20.Qd3 Nc6 21.f4 Nxd5 22.
Bxd5 Ne7 23.Qc4 Bd7 24.Bxf7 d5 25.Bxd5 Bb5 26.Qd4 Bxf1 27.Rxf1 c6 28.f5 
Ng8 29.Bxb4 Rf7 30.Bc3 cxd5 31.e5 Rbb7 32.Rf3 Rbc7 33.e6 Rf8 34.Rg3 Nf6 
35.Rg6 Rc4 36.Qd2 d4 37.Bb4 Ne4 38.e7 Nxd2 39.exf8=Q+ Qxf8 40.Bxf8 Ne4 41.
Bxg7+ Kh7 42.Bxh6 Ra4 43.g4 d3 44.Rxa6 Nc5 45.Rg6 Rxa5 46.Bd2 Ra2 47.Bc3 
Ne4 48.Rg7+ Kh6 49.Rd7 Kg5 50.Rxd3 Kxg4 51.f6 Ra7 52.Kg2 Rf7 53.Rf3 Kg5 
54.h4+ Kg4 55.Be5 Nc5 56.Rf4+ Kh5 57.Rf5+ Kg4 58.Rg5+ Kxh4 59.Rg7 Rf8 60.
Bd6 Rc8 61.Rc7 Rxc7 62.Bxc7 Ne6 63.f7 Kg5 64.Bd6 1-0

[Event "31st WCh U20 Girls"]
[Site "Kocaeli TUR"]
[Date "2013.09.15"]
[Round "3.12"]
[White "Rodriguez Rueda, Paula Andrea"]
[Black "Kuchava, Ana"]
[Result "1-0"]
[WhiteElo "2225"]
[BlackElo "2092"]
[EventDate "2013.09.13"]
[PlyCount "67"]

1.d4 d5 2.c4 e6 3.Nc3 f5 4.Bf4 c6 5.Nf3 Nf6 6.e3 Be7 7.Qc2 Nbd7 8.cxd5 
Nxd5 9.Nxd5 cxd5 10.Bd3 O-O 11.O-O g5 12.Be5 Qe8 13.Nd2 Nxe5 14.dxe5 Qh5 
15.Qc7 Rf7 16.Nf3 Rg7 17.Rfc1 Qe8 18.Nd4 a6 19.Qb6 Bd8 20.Qb3 g4 21.Rc5 
Bc7 22.Rac1 Bxe5 23.Nxf5 Bxh2+ 24.Kxh2 exf5 25.Qxd5+ Be6 26.Qe5 g3+ 27.
fxg3 Bxa2 28.Qxf5 Be6 29.Bc4 Bxc4 30.R1xc4 Rd7 31.Rg4+ Rg7 32.Rxg7+ Kxg7 
33.Rc7+ Kg8 34.Qxh7+ 1-0

[Event "31st WCh U20 Girls"]
[Site "Kocaeli TUR"]
[Date "2013.09.15"]
[Round "3.13"]
[White "Vo Thi Kim Phung"]
[Black "Kurbonboeva, Sarvinoz"]
[Result "1/2-1/2"]
[WhiteElo "2219"]
[BlackElo "2120"]
[EventDate "2013.09.13"]
[PlyCount "188"]

1.d4 Nf6 2.Bf4 g6 3.e3 Bg7 4.h3 d6 5.Nf3 O-O 6.Be2 Nc6 7.c4 e5 8.Bh2 Nd7 
9.Nc3 a5 10.O-O f5 11.Nb5 b6 12.a4 Kh8 13.Qb3 Ba6 14.Rfd1 e4 15.Nd2 Rc8 
16.f3 Nf6 17.fxe4 fxe4 18.Rf1 Nb4 19.Bf4 h6 20.Rf2 Qe7 21.Nc3 Bb7 22.Na2 
Nc6 23.Nf1 Rce8 24.Rd1 Bc8 25.Qa3 g5 26.Bg3 g4 27.hxg4 Nxg4 28.Rxf8+ Rxf8 
29.d5 Nce5 30.Nc3 Ng6 31.Re1 h5 32.Bxg4 Bxg4 33.Ne2 h4 34.Nf4 Ne5 35.Bh2 
Bh6 36.Qc3 Qg7 37.Ne6 Bxe6 38.Bxe5 dxe5 39.dxe6 h3 40.Qc2 Qg4 41.e7 Re8 
42.Nh2 Qg6 43.Qf2 Rxe7 44.g4 Bg5 45.Qf8+ Kh7 46.Qf1 Qh6 47.Qf5+ Kg7 48.
Qxe4 Qh4 49.Rd1 Qg3+ 50.Kh1 Bxe3 51.Qf3 Qxf3+ 52.Nxf3 Bf4 53.Ng1 e4 54.
Nxh3 Be5 55.b3 e3 56.Re1 Bd4 57.Kg2 Bc5 58.Nf4 c6 59.Re2 Kf6 60.Nd3 Bd4 
61.Kf3 Kg5 62.Rh2 Rf7+ 63.Ke4 c5 64.Rg2 Rf1 65.Re2 Kxg4 66.Ne1 Rf2 67.Kd3 
Kg3 68.Nc2 Kf3 69.Ne1+ Kf4 70.Ng2+ Kf3 71.Ne1+ Kg4 72.Nc2 Rxe2 73.Kxe2 Kf4
74.Na3 Bb2 75.Nb5 Ke4 76.Nd6+ Kd4 77.Nb5+ Ke4 78.Nc7 Be5 79.Nb5 Bg7 80.
Nd6+ Ke5 81.Nb5 Kf4 82.Nc7 Ke4 83.Nb5 Be5 84.Na3 Bd4 85.Nb5 Kf4 86.Nd6 Be5
87.Nc8 Bc7 88.Na7 Ke4 89.Nb5 Be5 90.Na3 Kd4 91.Nb5+ Ke4 92.Na7 Bf4 93.Nb5 
Be5 94.Na7 Bf4 1/2-1/2

[Event "31st WCh U20 Girls"]
[Site "Kocaeli TUR"]
[Date "2013.09.15"]
[Round "3.14"]
[White "Arabidze, Meri"]
[Black "Derakhshani, Dorsa"]
[Result "1-0"]
[WhiteElo "2379"]
[BlackElo "2078"]
[EventDate "2013.09.13"]
[PlyCount "65"]

1.d4 Nf6 2.c4 e6 3.Nf3 Bb4+ 4.Nbd2 b6 5.a3 Bxd2+ 6.Qxd2 Bb7 7.e3 O-O 8.Be2
d6 9.O-O Nbd7 10.Rd1 Ne4 11.Qc2 f5 12.b4 Ndf6 13.h3 Qe8 14.d5 Qg6 15.dxe6 
Rae8 16.Bb2 Rxe6 17.c5 bxc5 18.Qb3 d5 19.bxc5 Nxc5 20.Qc2 Nfe4 21.Bd4 Na6 
22.Rdb1 Nd6 23.Bxa7 d4 24.Rxb7 Nxb7 25.Nxd4 Kh8 26.Nxe6 Qxe6 27.Rb1 Nd8 
28.Qc4 Rf6 29.Qxe6 Rxe6 30.Bxa6 Rxa6 31.Rb8 Rd6 32.Bc5 Rd1+ 33.Kh2 1-0

[Event "31st WCh U20 Girls"]
[Site "Kocaeli TUR"]
[Date "2013.09.15"]
[Round "3.15"]
[White "Padmini, Rout"]
[Black "Fronda, Jan Jodilyn"]
[Result "1-0"]
[WhiteElo "2312"]
[BlackElo "2038"]
[EventDate "2013.09.13"]
[PlyCount "117"]

1.e4 c5 2.Nf3 d6 3.d4 cxd4 4.Nxd4 Nf6 5.Nc3 g6 6.Be3 Bg7 7.f3 Nc6 8.Qd2 
O-O 9.Bc4 Bd7 10.h4 Ne5 11.Bb3 Qa5 12.O-O-O Rfc8 13.Kb1 b5 14.Ncxb5 Qxd2 
15.Rxd2 Rab8 16.a4 a6 17.Na3 Nc6 18.Nc4 Rb4 19.Nxc6 Bxc6 20.Rhd1 Nd7 21.
Bd4 Bxa4 22.Bxa4 Rxa4 23.b3 Rb4 24.Bxg7 Kxg7 25.Kb2 Nb6 26.Ne3 a5 27.Ka3 
Rb5 28.c4 Rh5 29.Nd5 Nxd5 30.Rxd5 Rxh4 31.Rxa5 Rh2 32.Rg1 h5 33.e5 h4 34.
exd6 exd6 35.Rd5 Rc6 36.Ka4 h3 37.gxh3 Rb6 38.b4 Ra2+ 39.Kb3 Rba6 40.Ra5 
R2xa5 41.bxa5 Rxa5 42.Rd1 Ra6 43.Kb4 Rb6+ 44.Ka5 Rb3 45.Rxd6 Rxf3 46.c5 
Rc3 47.c6 Kf8 48.Kb6 Ke7 49.Rd7+ Ke8 50.h4 Rc4 51.Rd2 Rc1 52.c7 Ke7 53.Rd8
Ke6 54.c8=Q+ Rxc8 55.Rxc8 Ke5 56.Kc5 Kf4 57.Kd4 Kg4 58.Rf8 f5 59.Rg8 1-0

[Event "31st WCh U20 Girls"]
[Site "Kocaeli TUR"]
[Date "2013.09.15"]
[Round "3.16"]
[White "Enkhtuul, Altanulzii"]
[Black "Karabaeva, Zhanna"]
[Result "0-1"]
[WhiteElo "2202"]
[BlackElo "2029"]
[EventDate "2013.09.13"]
[PlyCount "104"]

1.d4 f5 2.Bg5 Nf6 3.e3 e6 4.Nd2 Be7 5.c3 O-O 6.Bxf6 Bxf6 7.Bd3 c5 8.Ne2 b6
9.Qb3 d5 10.Bb1 Nc6 11.h3 Qd6 12.Qd1 Ba6 13.Nf3 Kh8 14.Bd3 c4 15.Bc2 b5 
16.g4 Rae8 17.g5 Bd8 18.Qd2 e5 19.dxe5 Nxe5 20.Nxe5 Qxe5 21.O-O-O f4 22.
Nxf4 Bxg5 23.Nxd5 Rf3 24.h4 Bh6 25.Qe2 Ref8 26.Rd2 Bb7 27.Rhd1 Rxf2 28.
Qxf2 Rxf2 29.Rxf2 Bxd5 30.Rf8+ Bg8 31.Rdd8 Qxe3+ 32.Kd1 Qc1+ 33.Ke2 Qxc2+ 
34.Kf3 Qd3+ 35.Rxd3 cxd3 36.Rd8 d2 37.b3 g6 38.c4 bxc4 39.bxc4 Kg7 40.c5 
Bxa2 41.c6 Be6 42.c7 Kf7 43.Rd4 g5 44.hxg5 Bxg5 45.Ke2 h5 46.Kd1 h4 47.Rd6
Bg4+ 48.Kc2 h3 49.Rd4 Bf5+ 50.Kb3 h2 51.Rd5 Be6 52.c8=Q Bxc8 0-1

[Event "31st WCh U20 Girls"]
[Site "Kocaeli TUR"]
[Date "2013.09.15"]
[Round "3.17"]
[White "Rakhmangulova, Anastasiya"]
[Black "Anu Bayar"]
[Result "1-0"]
[WhiteElo "2194"]
[BlackElo "2012"]
[EventDate "2013.09.13"]
[PlyCount "55"]

1.e4 c5 2.Nf3 g6 3.c3 Bg7 4.d4 cxd4 5.cxd4 d5 6.exd5 Nf6 7.Nc3 O-O 8.Bc4 
Nbd7 9.O-O Nb6 10.Bb3 Nbxd5 11.Re1 Be6 12.Ng5 Bg4 13.Qd3 h6 14.Nge4 Bf5 
15.Qf3 Nxe4 16.Nxd5 e6 17.Nc3 Ng5 18.Qxb7 Qxd4 19.Be3 Qh4 20.f4 Bxc3 21.
Bf2 Qxf4 22.bxc3 Be4 23.Qb4 a5 24.Qa4 Qg4 25.Bg3 h5 26.Bd1 Qf5 27.h4 Qc5+ 
28.Qd4 1-0

[Event "31st WCh U20 Girls"]
[Site "Kocaeli TUR"]
[Date "2013.09.15"]
[Round "3.18"]
[White "Juhasz, Barbara"]
[Black "Savant, Riya"]
[Result "1-0"]
[WhiteElo "2169"]
[BlackElo "1960"]
[EventDate "2013.09.13"]
[PlyCount "43"]

1.e4 c5 2.b3 Nc6 3.Bb2 e5 4.Bc4 d6 5.Ne2 a6 6.a4 Nh6 7.O-O f5 8.f4 fxe4 9.
Bd5 Nb4 10.Nbc3 c4 11.Ba3 Nxd5 12.Nxd5 cxb3 13.cxb3 Be6 14.Nec3 Bxd5 15.
Nxd5 Qa5 16.Qh5+ Nf7 17.Ne3 g6 18.Qh3 Qc7 19.Nd5 Qc8 20.f5 Rb8 21.Rac1 Qd8
22.Nc7+ 1-0

[Event "31st WCh U20 Girls"]
[Site "Kocaeli TUR"]
[Date "2013.09.15"]
[Round "3.19"]
[White "Pujari, Rucha"]
[Black "Armas, Lena"]
[Result "1/2-1/2"]
[WhiteElo "2154"]
[BlackElo "1920"]
[EventDate "2013.09.13"]
[PlyCount "68"]

1.d4 d5 2.Nf3 Nc6 3.c4 Bg4 4.cxd5 Bxf3 5.gxf3 Qxd5 6.e3 e5 7.Nc3 Bb4 8.Bd2
Bxc3 9.bxc3 Qd6 10.Qb3 Nf6 11.Bc1 O-O-O 12.Rb1 b6 13.Bb5 Rhe8 14.Ba3 Qe6 
15.Qxe6+ Rxe6 16.Bc4 Nd5 17.Bxd5 Rxd5 18.c4 Ra5 19.d5 Re8 20.Rb3 Nd8 21.
Ke2 Nb7 22.Kd3 Nc5+ 23.Bxc5 Rxc5 24.Rb5 Rxb5 25.cxb5 Kd7 26.Rc1 a6 27.bxa6
Ra8 28.Ke4 Rxa6 29.Rc2 f6 30.Kf5 Ra5 31.e4 Rc5 32.Rd2 Rc1 33.f4 exf4 34.
Kxf4 Kd6 1/2-1/2

[Event "31st WCh U20 Girls"]
[Site "Kocaeli TUR"]
[Date "2013.09.15"]
[Round "3.20"]
[White "Shristi Shetty, J."]
[Black "Gevorgian, Maria"]
[Result "1/2-1/2"]
[WhiteElo "1909"]
[BlackElo "2143"]
[EventDate "2013.09.13"]
[PlyCount "136"]

1.e4 c5 2.Nf3 e6 3.d3 d5 4.Nbd2 Nc6 5.g3 g6 6.Bg2 Bg7 7.O-O Nge7 8.Re1 b6 
9.c3 a5 10.a4 Ra7 11.Nf1 h6 12.h4 O-O 13.e5 f6 14.exf6 Rxf6 15.N1h2 e5 16.
Nxe5 Nxe5 17.Rxe5 Rxf2 18.Re1 Rf8 19.Bf4 Nf5 20.Qd2 Raf7 21.Rf1 d4 22.Be4 
dxc3 23.bxc3 Bb7 24.Qa2 Kh7 25.Bd2 Bxe4 26.dxe4 Nxg3 27.Rxf7 Rxf7 28.Qxf7 
Qxd2 29.Ng4 Nxe4 30.h5 Qg5 31.hxg6+ Qxg6 32.Qxg6+ Kxg6 33.Rb1 Kg5 34.Nh2 
Bxc3 35.Rxb6 Bb4 36.Nf3+ Kf4 37.Kg2 h5 38.Rh6 Nc3 39.Rxh5 Nxa4 40.Ne5 Nb2 
41.Nc6 Nd3 42.Kf1 Ke3 43.Rh2 a4 44.Re2+ Kf3 45.Ra2 a3 46.Na7 Nc1 47.Rc2 
Nb3 48.Nb5 Nd4 49.Nxa3 Ke4 50.Ra2 Kd3 51.Nb1 Nc2 52.Kg1 c4 53.Kh1 Bc5 54.
Ra5 Bb4 55.Ra2 Nd4 56.Kg2 Nb3 57.Kh3 Nc1 58.Rb2 Be1 59.Kg4 Ne2 60.Ra2 Nc1 
61.Ra4 Nb3 62.Ra2 Bb4 63.Kh3 Bd6 64.Ra6 Be5 65.Ra2 Nc1 66.Rd2+ Ke3 67.Rc2 
Nd3 68.Rxc4 Bb2 1/2-1/2

[Event "31st WCh U20 Girls"]
[Site "Kocaeli TUR"]
[Date "2013.09.15"]
[Round "3.22"]
[White "Petrova, Irina"]
[Black "Arig, Busra"]
[Result "1-0"]
[WhiteElo "2117"]
[BlackElo "1788"]
[EventDate "2013.09.13"]
[PlyCount "63"]

1.d4 Nf6 2.c4 e6 3.Nc3 Bb4 4.e3 b6 5.Bd3 Bb7 6.Nf3 O-O 7.O-O Bxc3 8.bxc3 
Ne4 9.Ba3 d6 10.Qc2 f5 11.d5 exd5 12.cxd5 Bxd5 13.c4 Bb7 14.Nd4 Qe7 15.f3 
Ng5 16.Nxf5 Rxf5 17.Bxf5 Qxe3+ 18.Kh1 Qxa3 19.f4 Nf7 20.Bxh7+ Kf8 21.Be4 
Nc6 22.f5 Re8 23.f6 g6 24.Bxc6 Bxc6 25.Qxg6 Re2 26.Qg7+ Ke8 27.Qg8+ Kd7 
28.Qxf7+ Kc8 29.Qg8+ Kb7 30.Rg1 Qb2 31.Raf1 Re8 32.f7 1-0

[Event "31st WCh U20 Girls"]
[Site "Kocaeli TUR"]
[Date "2013.09.15"]
[Round "3.23"]
[White "Qiu Mengjie"]
[Black "Firat, Deniz"]
[Result "1-0"]
[WhiteElo "2091"]
[BlackElo "1664"]
[EventDate "2013.09.13"]
[PlyCount "93"]

1.e4 c5 2.Nf3 d6 3.d4 cxd4 4.Nxd4 Nf6 5.Nc3 a6 6.Bg5 e6 7.f4 Qb6 8.Qd2 Nc6
9.O-O-O Qxd4 10.Qxd4 Nxd4 11.Rxd4 Be7 12.Be2 Bd7 13.Bf3 Bc6 14.Rhd1 h6 15.
Bh4 g5 16.fxg5 Nd7 17.Bg3 hxg5 18.h3 Ne5 19.Be2 O-O-O 20.a4 Kc7 21.b4 Be8 
22.b5 a5 23.b6+ Kc8 24.Nb5 Bxb5 25.Bxb5 g4 26.hxg4 Rhg8 27.Be2 Nxg4 28.
Bxd6 Bxd6 29.Rxd6 Rxd6 30.Rxd6 Ne3 31.Rd3 Nxg2 32.Rc3+ Kb8 33.Rc7 Rf8 34.
Bh5 f6 35.Bf7 Nf4 36.Re7 e5 37.Kd2 Rc8 38.Be6 Nxe6 39.Rxe6 Rc6 40.Rxc6 
bxc6 41.c4 c5 42.Ke3 Kb7 43.Kf3 Kxb6 44.Kg4 Kc6 45.Kf5 Kd7 46.Kxf6 Kd6 47.
Kf5 1-0

[Event "31st WCh U20 Girls"]
[Site "Kocaeli TUR"]
[Date "2013.09.15"]
[Round "3.24"]
[White "Miladinovic, Lena"]
[Black "Alev, Gonulden Seda"]
[Result "1/2-1/2"]
[WhiteElo "2080"]
[BlackElo "1632"]
[EventDate "2013.09.13"]
[PlyCount "77"]

1.d4 Nf6 2.Nf3 g6 3.c4 Bg7 4.Nc3 O-O 5.e4 d6 6.Be2 e5 7.O-O Nbd7 8.Be3 Re8
9.dxe5 dxe5 10.b4 Qe7 11.a3 c6 12.h3 Nh5 13.Re1 Nf4 14.Bf1 b6 15.g3 Ne6 
16.Qa4 Bb7 17.Rad1 f5 18.Bg2 Qf7 19.exf5 gxf5 20.Ng5 Nxg5 21.Bxg5 e4 22.
Ne2 Ne5 23.Nf4 Nxc4 24.Qb3 Ne5 25.Qxf7+ Kxf7 26.Rd6 Bc8 27.Red1 Be6 28.g4 
Bf8 29.gxf5 Bb3 30.Rf6+ Kg8 31.Rb1 Bd5 32.h4 Be7 33.Nxd5 cxd5 34.Re6 Bxg5 
35.Rxe8+ Rxe8 36.hxg5 Nf7 37.Rd1 Re5 38.g6 hxg6 39.fxg6 1/2-1/2

[Event "31st WCh U20 Girls"]
[Site "Kocaeli TUR"]
[Date "2013.09.15"]
[Round "3.25"]
[White "Gulay, Ayca Nuriye"]
[Black "Imeeva, Aisa"]
[Result "0-1"]
[WhiteElo "1634"]
[BlackElo "2067"]
[EventDate "2013.09.13"]
[PlyCount "60"]

1.e4 e5 2.d3 Nc6 3.g3 Nf6 4.Bg2 Bc5 5.c3 d6 6.Be3 Bxe3 7.fxe3 Ng4 8.Bh3 
Nxe3 9.Qe2 Qg5 10.Bxc8 Rxc8 11.Nf3 Qh6 12.Nh4 d5 13.exd5 Nxd5 14.O-O Qe3+ 
15.Qf2 O-O 16.Qxe3 Nxe3 17.Rf2 Rcd8 18.Rd2 f5 19.Ng2 f4 20.Na3 Nxg2 21.
Kxg2 f3+ 22.Kf2 e4 23.d4 Ne5 24.h3 Nd3+ 25.Rxd3 exd3 26.Nc4 c5 27.dxc5 
Rde8 28.Ne3 d2 29.Rd1 Rxe3 30.Kxe3 f2 0-1

[Event "31st WCh U20 Girls"]
[Site "Kocaeli TUR"]
[Date "2013.09.15"]
[Round "3.26"]
[White "Martinez, Ayelen"]
[Black "Barbosa, Larissa Ichimura"]
[Result "1-0"]
[WhiteElo "2101"]
[BlackElo "1868"]
[EventDate "2013.09.13"]
[PlyCount "59"]

1.e4 e6 2.d4 d5 3.Nc3 Nf6 4.Bg5 Be7 5.e5 Nfd7 6.Bxe7 Qxe7 7.f4 a6 8.Nf3 c5
9.dxc5 Nc6 10.Qd2 Nxc5 11.Bd3 b5 12.O-O-O Bb7 13.Kb1 O-O 14.h4 b4 15.Ne2 
a5 16.Ned4 Nxd4 17.Nxd4 Na4 18.h5 Qc5 19.Bb5 Nc3+ 20.bxc3 bxc3 21.Qc1 Ba6 
22.Bxa6 Rxa6 23.Ka1 Rb8 24.Rh3 Rab6 25.Nb3 Qb4 26.Rd4 Qb5 27.Rxc3 a4 28.
Rc5 Qe2 29.Rxa4 Qxg2 30.Rc7 1-0

[Event "31st WCh U20 Girls"]
[Site "Kocaeli TUR"]
[Date "2013.09.15"]
[Round "3.28"]
[White "Sviridova, Vlada"]
[Black "Aslan, Cagla Yaren"]
[Result "1-0"]
[WhiteElo "2063"]
[BlackElo "1697"]
[EventDate "2013.09.13"]
[PlyCount "61"]

1.d4 Nf6 2.c4 g6 3.Nc3 Bg7 4.e4 d6 5.Nf3 O-O 6.Be2 Nbd7 7.O-O e5 8.Qc2 
exd4 9.Nxd4 a5 10.Rd1 Nc5 11.f3 Nh5 12.g4 Bxd4+ 13.Rxd4 Ne6 14.Rd1 Nhf4 
15.Kh1 Qh4 16.Be3 h5 17.Rg1 Kg7 18.Nd5 Nxe2 19.Qxe2 Rh8 20.g5 c6 21.Bf2 
Qh3 22.Rg3 Qh4 23.Nb6 Ra6 24.Nxc8 Rxc8 25.Rg4 Qxf2 26.Qxf2 hxg4 27.fxg4 
Nxg5 28.Rf1 Rf8 29.Qf6+ Kh6 30.h4 Ne6 31.Qe7 1-0

[Event "31st WCh U20 Girls"]
[Site "Kocaeli TUR"]
[Date "2013.09.15"]
[Round "3.29"]
[White "Fuentes Godoy, Lilia Ivonne"]
[Black "Nasriddinzoda, Marvorii"]
[Result "0-1"]
[WhiteElo "1829"]
[BlackElo "2032"]
[EventDate "2013.09.13"]
[PlyCount "152"]

1.g3 g6 2.Bg2 Bg7 3.e4 d6 4.d3 c5 5.c3 Nc6 6.Be3 Rb8 7.Ne2 e6 8.Qd2 b5 9.
d4 cxd4 10.Nxd4 Nge7 11.O-O O-O 12.Nxc6 Nxc6 13.Bh6 Bxh6 14.Qxh6 Ne5 15.
Nd2 b4 16.c4 Qb6 17.b3 Bb7 18.Rae1 Ng4 19.Qg5 f5 20.exf5 exf5 21.Re7 Rf7 
22.Nf3 d5 23.h3 Nf6 24.Rxf7 Kxf7 25.Ne5+ Kg8 26.cxd5 Re8 27.d6 Kg7 28.Nc4 
Qb5 29.Bxb7 Qxb7 30.Rd1 Qf3 31.Rf1 Re2 32.Qf4 Qd5 33.Ne3 Qc5 34.Rd1 Nd7 
35.Qd4+ Qxd4 36.Rxd4 a5 37.Rc4 Kf7 38.Nc2 Rd2 39.Nd4 Rd1+ 40.Kg2 h6 41.Nc6
Rd5 42.Rd4 Rc5 43.Rc4 Rd5 44.Rd4 Rc5 45.Rc4 Rxc4 46.bxc4 Ke6 47.Nxa5 Kxd6 
48.Nb3 Ne5 49.c5+ Kd5 50.f4 Nd3 51.Kf3 Nxc5 52.g4 Ne4 53.h4 fxg4+ 54.Kxg4 
h5+ 55.Kf3 Nc3 56.Nc1 Kc4 57.Nb3 Nxa2 58.Na5+ Kb5 59.Nb3 Kc4 60.Na5+ Kd5 
61.Nb3 Nc3 62.Na5 Nb5 63.f5 gxf5 64.Kf4 Ke6 65.Kg5 Nd4 66.Kxh5 Kf6 67.Nc4 
b3 68.Nb2 Ne2 69.Nd3 Ng3+ 70.Kh6 Ne4 71.Kh5 Nd2 72.Nb2 Nf1 73.Nd3 Ne3 74.
Nb2 f4 75.Nd3 f3 76.Kh6 b2 0-1

[Event "31st WCh U20 Girls"]
[Site "Kocaeli TUR"]
[Date "2013.09.15"]
[Round "3.30"]
[White "Krumova, Ani"]
[Black "Sen, Beril Berfin"]
[Result "1-0"]
[WhiteElo "1993"]
[BlackElo "1609"]
[EventDate "2013.09.13"]
[PlyCount "67"]

1.e4 e5 2.Nc3 Bc5 3.Bc4 Nf6 4.f4 d6 5.Nf3 O-O 6.d3 Bg4 7.Na4 Nbd7 8.h3 
Bxf3 9.Qxf3 c6 10.Nxc5 Nxc5 11.Be3 b5 12.Bb3 Qa5+ 13.Bd2 Qb6 14.fxe5 dxe5 
15.Qg3 Nxb3 16.axb3 Rfe8 17.Bh6 g6 18.Rf1 Re6 19.h4 a5 20.Qf3 Ra7 21.g4 
Qd8 22.Bg5 Kg7 23.h5 h6 24.Bxh6+ Kxh6 25.Qe3+ Kg7 26.Qxa7 Re7 27.Qg1 Nd7 
28.hxg6 fxg6 29.g5 Re8 30.O-O-O Qa8 31.Qg4 Qa7 32.Qf3 Re7 33.Qh3 Kg8 34.
Rh1 1-0

[Event "31st WCh U20 Girls"]
[Site "Kocaeli TUR"]
[Date "2013.09.15"]
[Round "3.31"]
[White "Micoogullari, Lara"]
[Black "Racki, Barbara"]
[Result "0-1"]
[WhiteElo "1585"]
[BlackElo "1946"]
[EventDate "2013.09.13"]
[PlyCount "84"]

1.Nf3 Nf6 2.g3 d6 3.d4 Nbd7 4.c4 c6 5.Bg2 e5 6.dxe5 dxe5 7.O-O Be7 8.Nc3 
O-O 9.Qc2 Qc7 10.Nd2 Nc5 11.e3 Rd8 12.Nde4 Nfxe4 13.Nxe4 Nd3 14.Bd2 Be6 
15.b3 Rd7 16.f4 exf4 17.exf4 Bf5 18.Be1 Rad8 19.Qe2 h6 20.Qf3 Rd4 21.Qe3 
Qc8 22.Kh1 Qe6 23.Bc3 Rxe4 24.Bxe4 Bxe4+ 25.Rf3 Bc5 26.Qe2 Nf2+ 27.Kg1 
Bxf3 28.Qxf3 Qh3 29.b4 Rd3 30.Qe2 Be3 31.Bd2 Ng4+ 32.Bxe3 Rxe3 33.Qd2 Qh5 
34.Rd1 Re8 35.Rc1 Qf5 36.h3 Nf6 37.g4 Qe4 38.b5 cxb5 39.cxb5 Qf3 40.Qf2 
Qxh3 41.g5 Ng4 42.Qd2 Qg3+ 0-1

[Event "31st WCh U20 Girls"]
[Site "Kocaeli TUR"]
[Date "2013.09.15"]
[Round "3.32"]
[White "Leonardi, Caterina"]
[Black "Alymbay Kyzy, Aizhan"]
[Result "1/2-1/2"]
[WhiteElo "1944"]
[BlackElo "1820"]
[EventDate "2013.09.13"]
[PlyCount "83"]

1.d4 d5 2.c4 e6 3.Nc3 Nf6 4.Bf4 c6 5.cxd5 exd5 6.Qc2 Be7 7.e3 O-O 8.Bd3 
Nbd7 9.Nf3 Re8 10.O-O Nf8 11.a3 Nh5 12.Ne2 Nxf4 13.Nxf4 Bd6 14.Ne2 Bg4 15.
Nd2 Rc8 16.b4 g6 17.Ng3 Nd7 18.Qb3 Nf6 19.Rae1 Nh5 20.Nxh5 Bxh5 21.e4 dxe4
22.Nxe4 Bf8 23.Bc4 g5 24.d5 Bg6 25.f3 b5 26.Be2 Bg7 27.dxc6 Rxc6 28.Kh1 a6
29.Rd1 Qc7 30.Bd3 h6 31.Nc5 Re3 32.Rfe1 Rxe1+ 33.Rxe1 Bxd3 34.Qxd3 Be5 35.
Qe4 Bf6 36.g3 Kg7 37.Re2 Qd6 38.Kg2 Qd1 39.Re1 Qd2+ 40.Re2 Qd1 41.Re1 Qd2+
42.Re2 1/2-1/2

[Event "31st WCh U20 Girls"]
[Site "Kocaeli TUR"]
[Date "2013.09.15"]
[Round "3.33"]
[White "Tuzi, Bruna"]
[Black "Soylemez, Cansu"]
[Result "0-1"]
[WhiteElo "1687"]
[BlackElo "1905"]
[EventDate "2013.09.13"]
[PlyCount "70"]

1.e4 c5 2.Nf3 Nc6 3.d4 cxd4 4.Nxd4 Nf6 5.Nc3 e5 6.Ndb5 d6 7.Nd5 Nxd5 8.
exd5 Nb8 9.c4 Be7 10.c5 a6 11.Nxd6+ Bxd6 12.cxd6 Qxd6 13.Bc4 Qb4+ 14.Bd2 
Qxc4 15.Rc1 Qe4+ 16.Kf1 O-O 17.Qb3 Nd7 18.f3 Qf5 19.f4 Qf6 20.h4 e4 21.g4 
Ne5 22.g5 Qf5 23.Qe3 Nd3 24.Rc4 Re8 25.h5 Qxd5 26.Rd4 Qc6 27.h6 g6 28.Kg1 
Bf5 29.Kh2 Qc2 30.Kg3 Qxb2 31.Bc1 Nxc1 32.Rxc1 Rac8 33.Rdc4 Rxc4 34.Rxc4 
Rd8 35.Rc3 Rd2 0-1

[Event "31st WCh U20 Girls"]
[Site "Kocaeli TUR"]
[Date "2013.09.15"]
[Round "3.34"]
[White "Urbonaviciute, Zivile"]
[Black "De Seroux, Camille"]
[Result "1-0"]
[WhiteElo "1826"]
[BlackElo "2108"]
[EventDate "2013.09.13"]
[PlyCount "72"]

1.e4 c5 2.Nf3 d6 3.d4 cxd4 4.Nxd4 Nf6 5.Nc3 Nc6 6.Be2 e5 7.Nb3 Be7 8.Be3 
O-O 9.O-O a5 10.a4 Nb4 11.Bf3 Be6 12.Re1 Qc7 13.Nc1 Rfd8 14.Nd3 d5 15.exd5
Nfxd5 16.Nxd5 Nxd5 17.Bd2 Bd6 18.g3 f5 19.Bg2 Bf7 20.Bg5 Rd7 21.c3 e4 22.
Nc1 h6 23.Bd2 Rad8 24.Bh3 Ne7 25.Nb3 Bc5 26.Qc2 Qb6 27.Nd4 Rc8 28.Qb1 Bxd4
29.cxd4 Bb3 30.Rxe4 Bc2 31.Qa2+ Bb3 32.Qa3 Rc2 33.Bxa5 Qxa5 34.Qxb3+ Qd5 
35.Qxc2 Qxe4 36.Bxf5 Qd5 1-0

[Event "31st WCh U20 Girls"]
[Site "Kocaeli TUR"]
[Date "2013.09.15"]
[Round "3.35"]
[White "Soydan, Busra"]
[Black "Edes, Zsofia"]
[Result "0-1"]
[WhiteElo "1709"]
[BlackElo "2044"]
[EventDate "2013.09.13"]
[PlyCount "62"]

1.Nf3 d5 2.c4 d4 3.e4 c5 4.d3 Nc6 5.g3 Bg4 6.Bg2 e5 7.O-O Bd6 8.h3 Bd7 9.
Nh2 Qc8 10.h4 Nge7 11.f4 f5 12.Qe2 Qc7 13.Na3 a6 14.Nc2 O-O-O 15.h5 Rdf8 
16.Bd2 fxe4 17.Qxe4 Nf5 18.Qe1 exf4 19.Bxf4 Bxf4 20.gxf4 g6 21.hxg6 hxg6 
22.Qd2 g5 23.Rf2 gxf4 24.Qxf4 Ne5 25.Rd1 Rfg8 26.Nf3 Nxf3+ 27.Rxf3 Bc6 28.
Qxc7+ Kxc7 29.Rf2 Ne3 30.Nxe3 dxe3 31.Re2 Bf3 0-1

[Event "31st WCh U20 Girls"]
[Site "Kocaeli TUR"]
[Date "2013.09.15"]
[Round "3.36"]
[White "Matute Loja, Belen"]
[Black "Shyngys Kyzy, Aijarkyn"]
[Result "0-1"]
[WhiteElo "1955"]
[BlackElo "1780"]
[EventDate "2013.09.13"]
[PlyCount "27"]

1.e4 e5 2.Bc4 Nf6 3.d3 c6 4.Qe2 Be7 5.Bb3 O-O 6.Nf3 d6 7.c3 Bg4 8.Nbd2 Nh5
9.Nf1 Nd7 10.h3 Be6 11.Bc2 Nf4 12.Bxf4 exf4 13.N1d2 Nb6 14.b3 0-1

[Event "31st WCh U20 Girls"]
[Site "Kocaeli TUR"]
[Date "2013.09.15"]
[Round "3.37"]
[White "Birgelir, Melisa"]
[Black "Zdilar, Emilija"]
[Result "0-1"]
[WhiteElo "1617"]
[BlackElo "1885"]
[EventDate "2013.09.13"]
[PlyCount "100"]

1.e4 e5 2.Nf3 Nc6 3.Bc4 Nf6 4.d3 h6 5.Nc3 Bc5 6.h3 d6 7.Be3 Bb6 8.Bxb6 
axb6 9.d4 exd4 10.Nxd4 O-O 11.O-O Ne5 12.Bb3 Bd7 13.f4 Ng6 14.Nde2 Re8 15.
Ng3 Qe7 16.Qd3 Bc6 17.Rae1 Qd7 18.e5 Nxe5 19.fxe5 dxe5 20.Qxd7 Bxd7 21.Nd5
Nxd5 22.Bxd5 Re7 23.a3 c6 24.Bb3 b5 25.Nf5 Bxf5 26.Rxf5 Rae8 27.Ref1 Rf8 
28.Kh2 g6 29.Rf6 Kg7 30.c3 e4 31.R6f2 f5 32.g4 e3 33.Rf4 Rd8 34.Re1 Rd2+ 
35.Kg3 Rxb2 36.Bd1 e2 37.Rxe2 Rbxe2 38.Bxe2 Rxe2 39.gxf5 gxf5 40.Rxf5 Ra2 
41.Re5 Rxa3 42.Re7+ Kf6 43.Rxb7 Rxc3+ 44.Kg2 Rc5 45.Rb6 h5 46.Kf3 Kf5 47.
Ra6 Rc3+ 48.Kg2 Kf4 49.Ra2 b4 50.Rb2 b3 0-1

[Event "31st WCh U20 Girls"]
[Site "Kocaeli TUR"]
[Date "2013.09.15"]
[Round "3.38"]
[White "Anjana Krishna, S."]
[Black "Guney, Gamze Nur"]
[Result "1-0"]
[WhiteElo "1881"]
[BlackElo "1731"]
[EventDate "2013.09.13"]
[PlyCount "95"]

1.e4 c5 2.c3 Nf6 3.e5 Nd5 4.d4 e6 5.Nf3 d6 6.c4 Nb4 7.a3 N4c6 8.exd6 Bxd6 
9.d5 exd5 10.cxd5 Ne7 11.Bc4 O-O 12.O-O Bg4 13.h3 Bh5 14.Nc3 a6 15.a4 Nd7 
16.Be2 Nf6 17.Bg5 Bg6 18.Bxf6 gxf6 19.Nh4 Qc7 20.Bd3 Rad8 21.Qg4 Qd7 22.
Nxg6 hxg6 23.Qf3 Be5 24.Bc4 Kg7 25.Rfd1 Nf5 26.Qd3 Qc7 27.Ba2 Bd4 28.Rac1 
Qf4 29.Qd2 Qh4 30.Bb3 Rfe8 31.Re1 Be5 32.Ne2 Nd6 33.Qc2 Ne4 34.Rf1 Bd6 35.
Qd3 b5 36.Qd1 c4 37.Bc2 Nc5 38.axb5 axb5 39.Qd4 Qg5 40.Nc3 Na6 41.Nxb5 Bc5
42.Qxc4 Bxf2+ 43.Kh1 Rxd5 44.Nc3 Be3 45.Nxd5 Bxc1 46.Qxa6 Qxd5 47.Qxf6+ 
Kg8 48.Bxg6 1-0